000 00224 a2200097 4500
001 43000
100 _aPusey
245 _aNational certificate mathematics
260 _aLondon
_bEnglish Univ press
_c
090 _c26876
_d26876
942 _aNUST-CAE
_cM
_c18753
999 _c278073
_d278073